| 000 | 00570nam a2200217 a 4500 | ||
|---|---|---|---|
| 999 |
_c7660 _d7660 |
||
| 001 | 7660 | ||
| 003 | BD-JhCC | ||
| 005 | 20180401184739.0 | ||
| 008 | 180212s u a|||| || | 000 0 eng d | ||
| 035 | _a(BD-JhCC)7660 | ||
| 040 |
_aBD-JhCC _dBD-JhCC |
||
| 041 | _aeng | ||
| 082 |
_a338.475028 _bSAR 1972 |
||
| 245 |
_aSargent-Welch / _cSargen-Welch Scientific Co. |
||
| 260 |
_aCanada : _bSargen-Welch Scientific Co. _c1972. |
||
| 300 |
_a252 _bill. ; _c28 cm. |
||
| 650 | _aSargen-Welch | ||
| 710 | _aSargen-Welch Scientific Co. | ||
| 942 |
_2ddc _cBK |
||